| 000 | 00386 a2200145 4500 | ||
|---|---|---|---|
| 005 | 20260429135344.0 | ||
| 020 | _a9781292352015 | ||
| 100 | _aBEEBE,S.A | ||
| 245 | _aCommunication Principle for A Life Time | ||
| 250 | _a8th.Ed | ||
| 260 |
_aLondon _bPEARSON EDUCATION LIMITED _c2022 |
||
| 300 |
_a464p;ill;table,pictures _bIndex _c27cm |
||
| 700 | _aBEEBE,S.J, IVY,D.K | ||
| 942 |
_2ddc _cBKS |
||
| 999 |
_c6880 _d6880 |
||